00337nam a2200133 a 4500008004100000020001500041050001300056100002100069245004800090260002600138300001600164350000900180650001400189120416s1981 ||||||||||||||||| || u a0304307637 aK 83 Ski aSkinner, Michael10aHow to pass examinations in law of contract aLondonbCassellc1981 axiii, 300p. a0.00 aCONTRACTS